header

Scale and scope (Record no. 51291)

MARC details
000 -LEADER
fixed length control field 01421nam a2200337Ia 4500
100 1# - MAIN ENTRY--AUTHOR NAME
Personal name Chandler, Alfred D.
245 10 - TITLE STATEMENT
Title Scale and scope
250 ## - EDITION STATEMENT
Edition statement 1st Harvard University Press pbk. ed.
260 ## - PUBLICATION, DISTRIBUTION, ETC. (IMPRINT)
Place of publication Cambridge, MA :
Name of publisher Belknap Press,
Year of publication 1994.
300 ## - PHYSICAL DESCRIPTION
Number of Pages xviii, 760 p. :
Other physical details ill.
650 #0 - SUBJECT ADDED ENTRY--TOPICAL TERM
Topical Term Big business
Topical Term Big business
Topical Term Big business
700 1# - ADDED ENTRY--PERSONAL NAME
Personal name Hikino, Takashi.
856 40 - ELECTRONIC LOCATION AND ACCESS
Uniform Resource Identifier http://site.ebrary.com/lib/rucke/Doc?id=10331338

No items available.

© 2026 Rongo University
Contact us: librarian | system librarian | Rongo university